Let's act / (Record no. 9961)
[ view plain ]
| 000 -LEADER | |
|---|---|
| fixed length control field | 00660nam a22002413 4500 |
| 001 - CONTROL NUMBER | |
| JCCL Control Number | 9961 |
| 003 - CONTROL NUMBER IDENTIFIER | |
| JCCL marc code | BD - JhCC |
| 005 - DATE AND TIME OF LATEST TRANSACTION | |
| control field | 20180404095913.0 |
| 008 - FIXED-LENGTH DATA ELEMENTS--GENERAL INFORMATION | |
| fixed length control field | 180403m19591960enk j 000 0 eng d |
| 035 ## - SYSTEM CONTROL NUMBER | |
| system control number | OCLC pks03659207 from D960917K |
| -- | (BD - JhCC)9961 |
| 040 ## - CATALOGING SOURCE | |
| Original cataloging agency | EQO |
| Transcribing agency | EQO |
| Modifying agency | BD-JhCC |
| 041 ## - LANGUAGE CODE | |
| Language code of Book | eng |
| 082 ## - DEWEY DECIMAL CLASSIFICATION NUMBER | |
| Author mark and Year | NUT 1959 |
| Classification number | 372.66 |
| 100 1# - MAIN ENTRY--PERSONAL NAME | |
| Personal name | Nuttall, Kenneth. |
| 245 10 - TITLE STATEMENT | |
| Title | Let's act / |
| Statement of responsibility, etc | Kenneth Nuttall, |
| 260 ## - PUBLICATION, DISTRIBUTION, ETC. (IMPRINT) | |
| Place of publication, distribution, etc | Lond. &c., |
| Date of publication, distribution, etc | 1959-60. |
| Name of publisher, distributor, etc | Longmans, |
| 300 ## - PHYSICAL DESCRIPTION | |
| Pagination | 62 p. : |
| Other physical details | ills; |
| Dimensions | 20 cm. |
| 650 ## - SUBJECT ADDED ENTRY--TOPICAL TERM | |
| Topical term or geographic name as entry element | Drama in education |
| 650 ## - SUBJECT ADDED ENTRY--TOPICAL TERM | |
| Topical term or geographic name as entry element | Acting--Study and teaching |
| 650 ## - SUBJECT ADDED ENTRY--TOPICAL TERM | |
| Topical term or geographic name as entry element | Drama--Study and teaching |
| 942 ## - ADDED ENTRY ELEMENTS (KOHA) | |
| Source of classification or shelving scheme | Dewey Decimal Classification |
| Koha item type | Reference |
| Source of classification or shelving scheme | Damaged status | Not for loan | Home library | Current library | Shelving location | Date of accession | Total Checkouts | Full call number | Barcode | Date last seen | Copy number | Koha item type |
|---|---|---|---|---|---|---|---|---|---|---|---|---|
| Dewey Decimal Classification | JCC Rouf Library | JCC Rouf Library | General Stacks | 04/03/2018 | 372.66 NUT 1959 | 13054 | 04/03/2018 | C-1 | Reference |